Feuerwehrgrundausbildung QS1 Teil 1 - Statistiken

Allgemein
  • Dieses Quiz wurde 34 mal gespielt
  • Das Durchschnittsergebnis liegt bei 6 aus 15
Antwortstatistiken
Frage Antwort % Korrekt
Welcher Schlauch ist i.d.R. als Saugschlauch ausgeführt? A
100%
Durchmesser A Schlauch 110mm
47%
Durchmesser D Schlauch 25mm
47%
Durchmesser C Schlauch 42mm oder 52mm
47%
Wie nennt sich die Armatur zur Wasserentnahme aus offenem Gewässer? Saugkorb
47%
Welcher Brandklasse unterliegen Gase? Brandklasse C
43%
Welcher Brandklasse unterliegen Metalle? Brandklasse D
43%
Welcher Brandklasse unterliegen Fette? Brandklasse F
43%
Durchmesser B Schlauch 75mm
40%
Welcher Brandklasse unterliegen Feststoffe? Brandklasse A
40%
Welcher Brandklasse unterliegen flüssige oder flüssigwerdende Stoffe? Brandklasse B
40%
Wie nennen sich die restlichen Schläuche zur Wasserabgabe? Druckschlauch
40%
Wie nennen sich Reduzierstücke (z.B. B auf C) korrekt genannt? Übergangsstück
37%
Welche Löschwirkungen gibt es? Ersticken und kühlen und wenn möglich brennbaren Stoff entfernen
0%
Was muss vorliegen, damit ein Feuer entsteht? Sauerstoff, Mengenverhältnis, Brennbarer Stoff, Zündtemperatur
0%
Keine übereinstimmenden Quizze gefunden
Verteilung der Resultate
Anzahl Personen mit jedem Resultat
Perzentil nach korrekt beantworteten Fragen
Ihre Resultats-Entwicklung
Sie haben dieses Quiz noch nicht gespielt